LIBRARY ONLINE CATALOGUE

Ecologically-based Rodent Management of Rodent Pests (Record no. 19124)

MARC details
000 -LEADER
fixed length control field 00357nam a22001097a 4500
008 - FIXED-LENGTH DATA ELEMENTS--GENERAL INFORMATION
fixed length control field 211118b |||||||| |||| 00| 0 eng d
020 ## - INTERNATIONAL STANDARD BOOK NUMBER
International Standard Book Number 1863202625
050 ## - LIBRARY OF CONGRESS CALL NUMBER
Classification number SB994
Item number .E26 1999 c.1
245 ## - TITLE STATEMENT
Title Ecologically-based Rodent Management of Rodent Pests
Statement of responsibility, etc. Edited by Grant Singleton, Lyn Hinds, Herwig Leirs, & Zhibin Zhang
300 ## - PHYSICAL DESCRIPTION
Extent 494p.
942 ## - ADDED ENTRY ELEMENTS (KOHA)
Source of classification or shelving scheme Library of Congress Classification
Koha item type General Collection
Holdings
Withdrawn status Lost status Source of classification or shelving scheme Not for loan Home library Current library Date acquired Cost, normal purchase price Total Checkouts Full call number Barcode Date last seen Price effective from Koha item type
    Library of Congress Classification   Kabarak, Main Campus Kabarak, Main Campus 18/11/2021 26834.00   SB994 .E26 1999 c.1 031170 18/11/2021 18/11/2021 General Collection
    Library of Congress Classification   Kabarak, Main Campus Kabarak, Main Campus 18/11/2021 26834.00   SB994 .E26 1999 c.2 031171 18/11/2021 18/11/2021 General Collection